000 00637nam a2200229 a 4500
001 73855
003 BD-RjUL
005 20211209082444.0
008 170613r19581939enka 001 0 eng
035 _a(BD-RjUL)74073
040 _aDLC
_cODaWU
_dBD-RjUL
_beng
041 _aeng
082 _223
_a541.345
_bWET 1958
100 1 _aWeiser, Harry Boyer
_929530
245 1 2 _aA textbook of colloid chemistry /
_cHarry Boyer Weiser
250 _a2nd ed.
260 _aNew York :
_bJohn wiley & sons,
_cc1949, c1958
300 _axvi,444 p. :
_bill. ;
_c23 cm.
500 _aIncludes index
650 0 _aColloids.
_9159410
942 _2ddc
_cBK
999 _c73855
_d73855